<?xml version="1.0" encoding="UTF-8"?><?xml-stylesheet type="text/xsl" href="static/style.xsl"?><OAI-PMH xmlns="http://www.openarchives.org/OAI/2.0/" xmlns:xsi="http://www.w3.org/2001/XMLSchema-instance" xsi:schemaLocation="http://www.openarchives.org/OAI/2.0/ http://www.openarchives.org/OAI/2.0/OAI-PMH.xsd"><responseDate>2026-04-14T03:26:54Z</responseDate><request verb="GetRecord" identifier="oai:www.recercat.cat:10256/25970" metadataPrefix="marc">https://recercat.cat/oai/request</request><GetRecord><record><header><identifier>oai:recercat.cat:10256/25970</identifier><datestamp>2025-01-15T14:22:30Z</datestamp><setSpec>com_2072_452971</setSpec><setSpec>com_2072_2054</setSpec><setSpec>col_2072_452985</setSpec></header><metadata><record xmlns="http://www.loc.gov/MARC21/slim" xmlns:dcterms="http://purl.org/dc/terms/" xmlns:xsi="http://www.w3.org/2001/XMLSchema-instance" xmlns:doc="http://www.lyncode.com/xoai" xsi:schemaLocation="http://www.loc.gov/MARC21/slim http://www.loc.gov/standards/marcxml/schema/MARC21slim.xsd">
   <leader>00925njm 22002777a 4500</leader>
   <datafield ind2=" " ind1=" " tag="042">
      <subfield code="a">dc</subfield>
   </datafield>
   <datafield ind2=" " ind1=" " tag="720">
      <subfield code="a">Subero Tomás, David</subfield>
      <subfield code="e">author</subfield>
   </datafield>
   <datafield ind2=" " ind1=" " tag="260">
      <subfield code="c">2024-12-27</subfield>
   </datafield>
   <datafield ind2=" " ind1=" " tag="520">
      <subfield code="a">La prestigiosa editorial británica "Routlege" ha publicado recientemente, dentro de la colección "Research in Decolonizing Education", el libro Funds of Knowledge and Identity Pedagogies for Social Justice editado por el Dr. Moisés Esteban-Guitart, cate-drático en psicología evolutiva y de la educación en la Universitat de Girona (España). El libro analiza críticamente las prácticas educativas en el siglo XXI a partir del marco teórico y metodológico de los fondos de conocimiento y de sus contribuciones más recientes, tales como los fondos de identidad. A la hora de hacer dicho análisis, se pone el foco en la promoción de la justicia social educativa, el abordaje del antira-cismo en el contexto educativo y el impulso de prácticas pedagógicas culturalmente sostenibles y respetuosas con el global del alumnado y sus comunidades</subfield>
   </datafield>
   <datafield ind1="8" ind2=" " tag="024">
      <subfield code="a">http://hdl.handle.net/10256/25970</subfield>
   </datafield>
   <datafield tag="653" ind2=" " ind1=" ">
      <subfield code="a">Psicologia de l'aprenentatge -- Ressenyes de llibres</subfield>
   </datafield>
   <datafield tag="653" ind2=" " ind1=" ">
      <subfield code="a">Psychology of learning -- Book reviews</subfield>
   </datafield>
   <datafield tag="653" ind2=" " ind1=" ">
      <subfield code="a">Aprenentatge -- Aspectes socials -- Ressenyes de llibres</subfield>
   </datafield>
   <datafield tag="653" ind2=" " ind1=" ">
      <subfield code="a">Aprenentatge -- Aspectes socials -- Ressenyes de llibres</subfield>
   </datafield>
   <datafield ind2="0" ind1="0" tag="245">
      <subfield code="a">'Funds of Knowledge and Identity Pedagogies for Social Justice' por Moisés Esteban-Guitart (Ed.)</subfield>
   </datafield>
</record></metadata></record></GetRecord></OAI-PMH>